[Event "Elit(Wasa-Eksjo)"]
[Site "?"]
[Date "2018.11.11"]
[Round "3"]
[White "Gajic, Mladen"]
[Black "Lindberg, Bo"]
[Result "1/2-1/2"]
[WhiteElo "2291"]
[BlackElo "2379"]
[PlyCount "184"]
1. e4 Nc6 2. d4 d5 3. Nc3 dxe4 4. d5 Nb8 5. Bc4 Nf6 6. Bf4 a6 7. a4 g6 8. Qd2
Nbd7 9. a5 Bg7 10. Nge2 O-O 11. O-O b5 12. Ba2 Bb7 13. Ng3 c6 14. dxc6 Bxc6 15.
Rfe1 Nc5 16. Qe3 Na4 17. Nxa4 bxa4 18. Qc5 Qd7 19. Be5 Qb7 20. Qb6 Qxb6 21.
axb6 Nd7 22. Bxg7 Kxg7 23. Nxe4 Nxb6 24. Nc5 Rfe8 25. Nd3 Rac8 26. b3 axb3 27.
Bxb3 Bb5 28. Nb4 Ra8 29. f4 a5 30. Re5 Ba4 31. Nd5 Bxb3 32. Nxb6 Ra6 33. cxb3
Rxb6 34. Raxa5 Rxb3 35. Rab5 Rxb5 36. Rxb5 Ra8 37. Kf2 Ra4 38. Kf3 Ra3+ 39. Kf2
Kf6 40. h3 h6 41. h4 Rc3 42. Ra5 e6 43. Rb5 Rd3 44. g3 Rd5 45. Rb7 Rf5 46. Ke3
g5 47. hxg5+ hxg5 48. Kf3 Kg6 49. Kg4 Ra5 50. Rb8 f5+ 51. Kf3 Ra3+ 52. Kf2 Ra2+
53. Ke3 g4 54. Rb3 Kf6 55. Rc3 Ke7 56. Rd3 Rg2 57. Kd4 Re2 58. Ra3 Kf6 59. Kd3
Rf2 60. Kd4 Re2 61. Kd3 Re4 62. Ra7 Re1 63. Ra3 Ke7 64. Kd4 Re4+ 65. Kd3 Kd6
66. Ra6+ Kc5 67. Ra5+ Kb4 68. Ra8 Re1 69. Rb8+ Kc5 70. Rc8+ Kd6 71. Kd4 Rg1 72.
Rc3 Rg2 73. Ra3 Rd2+ 74. Ke3 Rc2 75. Kd3 Rc1 76. Kd4 Rd1+ 77. Ke3 Rf1 78. Kd4
Re1 79. Ra6+ Ke7 80. Ra3 Kf6 81. Kd3 e5 82. Ra6+ Ke7 83. Ra7+ Kd6 84. Ra6+ Kc7
85. Rf6 e4+ 86. Kd2 Rg1 87. Rxf5 Rxg3 88. Re5 Rf3 89. Rxe4 g3 90. f5 Kd6 91.
Ke2 Rf2+ 92. Ke3 Rxf5 1/2-1/2

[Event "Elit(Stockholms SS-Rockaden,Sthlm)"]
[Site "?"]
[Date "2018.11.11"]
[Round "3"]
[White "Engqvist, Thomas"]
[Black "Arman, Deniz"]
[Result "0-1"]
[WhiteElo "2331"]
[BlackElo "2366"]
[PlyCount "138"]
1. c4 e5 2. g3 Nf6 3. Bg2 g6 4. Nc3 Bg7 5. Nf3 d6 6. O-O O-O 7. d4 exd4 8. Nxd4
Re8 9. h3 Nbd7 10. e4 a6 11. Re1 Ne5 12. b3 c5 13. Nc2 Rb8 14. f4 Nc6 15. Rb1
Bd7 16. Qxd6 Nd4 17. Nxd4 cxd4 18. Nd5 Nxd5 19. Qxd5 Qc8 20. Kh2 b5 21. e5 Rd8
22. Rb2 Be6 23. Qc6 bxc4 24. bxc4 Rxb2 25. Bxb2 Qxc6 26. Bxc6 Bxc4 27. Re4 d3
28. Ba4 Bxa2 29. Bd1 Rb8 30. Ba3 Bf8 31. Bxf8 Rb2+ 32. Kg1 Kxf8 33. Ba4 Bb1 34.
Rd4 a5 35. Rd8+ Kg7 36. Rd7 Rb4 37. Bc6 Ba2 38. Rxd3 Bb3 39. Rd7 Rb6 40. Bd5
Bxd5 41. Rxd5 Ra6 42. Rd3 a4 43. Ra3 f6 44. exf6+ Kxf6 45. Kf2 Ke6 46. Ke3 Kd5
47. Kd3 Kc5 48. Kc3 h5 49. g4 h4 50. g5 Kd5 51. Kd3 Ra8 52. Ke3 Kc4 53. Kf3 Kb4
54. Ra1 a3 55. Kg4 Rf8 56. Rf1 a2 57. Kxh4 Kc3 58. Kg4 Ra8 59. f5 Ra4+ 60. Kf3
Ra5 61. Ra1 Rxf5+ 62. Kg4 Kb2 63. Rxa2+ Kxa2 64. h4 Rf1 65. h5 Rg1+ 66. Kh4
Rh1+ 67. Kg4 Rxh5 68. Kf4 Rh1 69. Ke5 Rf1 0-1

[Event "Elit(Stockholms SS-Rockaden,Sthlm)"]
[Site "?"]
[Date "2018.11.11"]
[Round "3"]
[White "Seo, Jung Min"]
[Black "Bator, Robert"]
[Result "1-0"]
[WhiteElo "2360"]
[BlackElo "2379"]
[PlyCount "188"]
1. Nf3 d5 2. d4 Nf6 3. c4 c6 4. Qb3 dxc4 5. Qxc4 Bf5 6. g3 e6 7. Bg2 Be7 8. O-O
O-O 9. Nc3 Nbd7 10. Re1 Ne4 11. Qb3 Qb6 12. Nh4 Bxh4 13. gxh4 Nef6 14. e4 Bg6
15. Qxb6 axb6 16. Bf4 Rfc8 17. a4 h6 18. Rad1 Ra5 19. Bd6 Ne8 20. Bg3 f6 21.
Bh3 Nf8 22. d5 Bf7 23. f4 cxd5 24. exd5 f5 25. Bf2 exd5 26. Bxb6 Rxc3 27. bxc3
Rxa4 28. Bd4 Ng6 29. Bxf5 Nxf4 30. Bd7 Ra8 31. Rd2 Nf6 32. Bxf6 gxf6 33. Rf1
Ng6 34. Rg2 Kf8 35. Rxf6 Ke7 36. Rf1 Nxh4 37. Re2+ Kxd7 38. Rxf7+ Kd6 39. Rxb7
Rg8+ 40. Kf2 Nf5 41. Rf7 Nh4 42. Rf6+ Kc5 43. Rxh6 Rf8+ 44. Ke1 Nf3+ 45. Kd1 d4
46. cxd4+ Nxd4 47. Rg2 Nf5 48. Rh5 Kd4 49. Rf2 Ke4 50. Ke1 Rf7 51. Rg5 Nh6 52.
Rxf7 Nxf7 53. Rg1 Ne5 54. Ke2 Kf4 55. h3 Kf5 56. Rg3 Ng6 57. Kf2 Nh4 58. Rg4
Ng6 59. Kg3 Kf6 60. h4 Ne5 61. Rg5 Nf7 62. Rg8 Nh6 63. Rg5 Nf7 64. Ra5 Kg6 65.
Kf4 Nh6 66. h5+ Kg7 67. Ra7+ Kf6 68. Rb7 Nf7 69. Rb6+ Kg7 70. Rg6+ Kh7 71. Kf5
Nh6+ 72. Kg5 Nf7+ 73. Kf6 Nh6 74. Rg7+ Kh8 75. Kg6 Ng4 76. Ra7 Ne5+ 77. Kf5 Nf3
78. Kg6 Ne5+ 79. Kf6 Nf3 80. Re7 Kg8 81. Rg7+ Kh8 82. Rg3 Nd4 83. Kg6 Ne6 84.
Ra3 Nf4+ 85. Kh6 Kg8 86. Ra8+ Kf7 87. Rb8 Ne6 88. Kh7 Nf8+ 89. Kh8 Ne6 90. h6
Nf4 91. Rb7+ Kf8 92. Kh7 Nd5 93. Rg7 Nf4 94. Rg4 Nd3 1-0

[Event "Elit(Wasa-Eksjo)"]
[Site "?"]
[Date "2018.11.11"]
[Round "3"]
[White "Bellon Lopez, Juan"]
[Black "de Verdier, Michael"]
[Result "1/2-1/2"]
[WhiteElo "2342"]
[BlackElo "2284"]
[PlyCount "92"]
1. d4 d5 2. Bf4 Nf6 3. e3 e6 4. Nd2 Bd6 5. Bg3 O-O 6. Ngf3 b6 7. c3 c5 8. Ne5
Qc7 9. a4 Ba6 10. Bxa6 Nxa6 11. O-O Nb8 12. Nd3 Bxg3 13. hxg3 Nbd7 14. g4 e5
15. g5 Ne4 16. dxe5 Nxe5 17. Nxe5 Nxd2 18. Qxd2 Qxe5 19. f4 Qe4 20. a5 Rad8 21.
axb6 axb6 22. Rad1 f6 23. gxf6 Rxf6 24. Qd3 Re6 25. Kf2 d4 26. exd4 cxd4 27.
Qxe4 Rxe4 28. g3 Rde8 29. Rxd4 Re2+ 30. Kf3 Rxb2 31. Kg4 Rc2 32. Rf3 Rc8 33.
Rdd3 Re2 34. f5 Kf7 35. Rd7+ Re7 36. Rd6 Rec7 37. Re3 Re7 38. Red3 Rc4+ 39. Kg5
h6+ 40. Kh5 Rec7 41. Rxb6 Rxc3 42. Rbd6 Rxd3 43. Rxd3 Kf6 44. g4 Rc1 45. Rd6+
Kf7 46. Kh4 Rg1 1/2-1/2

[Event "Elit(Schack 08-Vasteras)"]
[Site "?"]
[Date "2018.11.11"]
[Round "3"]
[White "Miezis, Normunds"]
[Black "Renman, Nils-Gustaf"]
[Result "1-0"]
[WhiteElo "2470"]
[BlackElo "2349"]
[PlyCount "45"]
1. c4 e6 2. e4 d5 3. exd5 exd5 4. d4 Nf6 5. Nc3 Be7 6. Nf3 O-O 7. Be2 c6 8. O-O
dxc4 9. Bxc4 Nbd7 10. Re1 Nb6 11. Bb3 Bg4 12. h3 Bh5 13. Bg5 Nfd5 14. Bxe7 Nxe7
15. Re5 Bxf3 16. Qxf3 Ng6 17. Re4 Qd7 18. Rae1 Rfe8 19. Rxe8+ Rxe8 20. Qxf7+
Qxf7 21. Rxe8+ Nf8 22. Bxf7+ Kxf7 23. Rb8 1-0

[Event "Elit(Farsta-LASK)"]
[Site "?"]
[Date "2018.11.11"]
[Round "3"]
[White "Hillarp Persson, Tiger"]
[Black "Livner, Anders"]
[Result "1/2-1/2"]
[WhiteElo "2544"]
[BlackElo "2372"]
[PlyCount "51"]
1. Nf3 d5 2. g3 g6 3. c4 dxc4 4. Qa4+ Nc6 5. Qxc4 Bg7 6. Bg2 Nh6 7. d4 Nxd4 8.
Nxd4 Qxd4 9. Qxd4 Bxd4 10. Nc3 Ng4 11. O-O c6 12. h3 Nf6 13. Rd1 Be5 14. e4 Bc7
15. Bh6 Be6 16. Rac1 Rd8 17. Nd5 Be5 18. f4 cxd5 19. fxe5 Nxe4 20. Kh2 f5 21.
exf6 Nxf6 22. Rc7 Rd7 23. Rc8+ Rd8 24. Rc7 Rd7 25. Rc8+ Rd8 26. Rc7 1/2-1/2

[Event "Elit(Schack 08-Vasteras)"]
[Site "?"]
[Date "2018.11.11"]
[Round "3"]
[White "Laveryd, Peter"]
[Black "Sjodahl, Pontus"]
[Result "1-0"]
[WhiteElo "2368"]
[BlackElo "2405"]
[PlyCount "75"]
[SourceDate "2018.11.14"]
1. d4 Nf6 2. Nf3 d5 3. Bf4 c5 4. e3 Nc6 5. Nbd2 Qb6 6. dxc5 Qxb2 7. Rb1 Qxa2 8.
Bb5 Qa5 9. O-O Bd7 10. c4 Qd8 11. Ne5 e6 12. Bxc6 bxc6 13. Rb7 Bxc5 14. Nb3 Bb6
15. c5 Qc8 16. Rxd7 Nxd7 17. cxb6 axb6 18. Qg4 Kf8 19. Nd4 c5 20. Nb5 Nxe5 21.
Bxe5 f6 22. Bd6+ Kf7 23. Bg3 Qd7 24. Nd6+ Kg8 25. h4 h5 26. Qd1 g6 27. e4 Qc6
28. exd5 Qxd5 29. Qb1 Kg7 30. Qxb6 Rhf8 31. Qc7+ Kg8 32. Rb1 Qd2 33. Rb7 Qh6
34. Qd7 Ra1+ 35. Kh2 Re1 36. f3 Re2 37. Ne4 Kh8 38. Qxe6 1-0

[Event "Elit(Farsta-LASK)"]
[Site "?"]
[Date "2018.11.11"]
[Round "3"]
[White "Sammalvuo, Tapani"]
[Black "Holm, Kristian Stuvik"]
[Result "1/2-1/2"]
[WhiteElo "2416"]
[BlackElo "2474"]
[PlyCount "96"]
1. d4 Nf6 2. c4 g6 3. Nc3 d5 4. Nf3 Bg7 5. Bg5 Ne4 6. Bf4 Nxc3 7. bxc3 c5 8.
cxd5 Qxd5 9. e3 O-O 10. Be2 cxd4 11. cxd4 Qa5+ 12. Qd2 Nc6 13. Qxa5 Nxa5 14.
Bc7 Nc6 15. O-O Bf5 16. Rfc1 Rac8 17. Bg3 Nb4 18. Ne1 Rxc1 19. Rxc1 Rc8 20.
Rxc8+ Bxc8 21. Bc4 e6 22. a3 Nc6 23. Bd6 Bf8 24. Bxf8 Kxf8 25. Nd3 Ke7 26. f4
Na5 27. Ba2 b6 28. Kf2 Ba6 29. Nb4 Bc4 30. Bb1 Bb5 31. Bc2 Nc4 32. a4 Bd7 33.
Na2 b5 34. axb5 Bxb5 35. Nc3 Bc6 36. Bd3 Nb6 37. Ba6 Nd5 38. Nxd5+ Bxd5 39. g4
f6 40. g5 fxg5 41. fxg5 e5 42. e4 Bxe4 43. Ke3 Bc6 44. dxe5 Ke6 45. Kd4 Ke7 46.
h4 Bd7 47. Kd5 Be8 48. Ke4 Bc6+ 1/2-1/2

[Event "Elit(Schack 08-Vasteras)"]
[Site "?"]
[Date "2018.11.11"]
[Round "3"]
[White "Akesson, Ralf"]
[Black "Ingbrant, Johan"]
[Result "1/2-1/2"]
[WhiteElo "2372"]
[BlackElo "2364"]
[PlyCount "99"]
1. Nf3 d5 2. d4 Nf6 3. c4 dxc4 4. e3 e6 5. Bxc4 c5 6. O-O a6 7. Bb3 Be7 8. Qe2
cxd4 9. exd4 Nc6 10. Rd1 O-O 11. Nc3 Na5 12. Bc2 b5 13. d5 exd5 14. Bg5 Bb7 15.
Nd4 g6 16. Qf3 Ne4 17. Bh6 Re8 18. Nf5 Bf6 19. Bxe4 dxe4 20. Qe3 Qc7 21. Nd6
Re6 22. Nxb7 Qxb7 23. Nd5 Be5 24. Rab1 Nc4 25. Qb3 Rd6 26. Ne3 Nxe3 27. Rxd6
Bxd6 28. Qxe3 Bf8 29. Bxf8 Rxf8 30. Rd1 Qc6 31. g3 Re8 32. b3 Qf6 33. Re1 Re6
34. Rd1 Kg7 35. Kg2 h5 36. h4 Qe5 37. Rd7 Rc6 38. Rd4 Re6 39. Rd7 Re7 40. Rd8
Rc7 41. Rd4 Re7 42. Rd8 Re6 43. Rd7 Qb2 44. Rd2 Qa1 45. Rc2 b4 46. Rc4 a5 47.
Rxe4 Rxe4 48. Qxe4 Qxa2 49. Qe5+ Kh7 50. Qd5 1/2-1/2

[Event "Elit(Farsta-LASK)"]
[Site "?"]
[Date "2018.11.11"]
[Round "3"]
[White "Ahlander, Bjorn"]
[Black "Degerman, Lars"]
[Result "1/2-1/2"]
[WhiteElo "2436"]
[BlackElo "2460"]
[PlyCount "64"]
1. d4 Nf6 2. c4 g6 3. Nc3 d5 4. Nf3 Bg7 5. Qb3 dxc4 6. Qxc4 O-O 7. e4 a6 8. Be2
b5 9. Qb3 c5 10. dxc5 Be6 11. Qc2 Nbd7 12. Be3 Rc8 13. c6 Rxc6 14. Nd4 Rd6 15.
Nxe6 Rxe6 16. O-O Qc7 17. Rac1 Nxe4 18. Nxe4 Qxc2 19. Rxc2 Rxe4 20. b3 Re6 21.
Rfc1 Nf6 22. Rc6 Rxc6 23. Rxc6 Nd5 24. Bd2 Ra8 25. Bf3 e6 26. Rd6 Bf8 27. Bxd5
exd5 28. Rxd5 Rc8 29. Kf1 Rc6 30. a4 bxa4 31. bxa4 Bd6 32. Rd4 f6 1/2-1/2

[Event "Elit(Schack 08-Vasteras)"]
[Site "?"]
[Date "2018.11.11"]
[Round "3"]
[White "Karlsson, Tomas"]
[Black "Vaarala, Eric"]
[Result "1-0"]
[WhiteElo "2275"]
[BlackElo "2320"]
[PlyCount "91"]
1. e4 c5 2. Nf3 e6 3. d4 cxd4 4. Nxd4 Nf6 5. Nc3 Nc6 6. Nxc6 bxc6 7. Bd3 d5 8.
Qe2 Be7 9. O-O d4 10. Nb1 c5 11. Nd2 Qc7 12. Nc4 Nd7 13. e5 Bb7 14. Bd2 Nb6 15.
Nxb6 axb6 16. Bb5+ Bc6 17. c3 dxc3 18. Bxc3 O-O 19. a4 Bd5 20. Qg4 Rfd8 21. f4
Be4 22. Qe2 Qb7 23. Rfe1 Bg6 24. b3 h5 25. Red1 h4 26. h3 Be4 27. Be1 Bd5 28.
Rab1 Qc7 29. Bd3 c4 30. bxc4 Bb7 31. f5 exf5 32. Bxf5 g6 33. Bc2 Re8 34. Bc3
Rac8 35. Bd3 Qc6 36. Qg4 Rcd8 37. Kh1 Rxd3 38. Rxd3 Bc8 39. e6 Bxe6 40. Qd4 f6
41. Rxb6 Qxc4 42. Qxc4 Bxc4 43. Re3 Kf7 44. Bxf6 Bxf6 45. Rxe8 Kxe8 46. Rxf6
1-0

[Event "Elit(Farsta-LASK)"]
[Site "?"]
[Date "2018.11.11"]
[Round "3"]
[White "Ong, Kezli"]
[Black "Tikkanen, Hans"]
[Result "1/2-1/2"]
[WhiteElo "2330"]
[BlackElo "2520"]
[PlyCount "120"]
1. e4 c6 2. d4 d5 3. Nc3 dxe4 4. Nxe4 Bf5 5. Ng3 Bg6 6. h4 h6 7. Nf3 Nd7 8. h5
Bh7 9. Bd3 Bxd3 10. Qxd3 e6 11. Bd2 Ngf6 12. O-O-O Be7 13. Ne4 O-O 14. Nxf6+
Nxf6 15. Ne5 c5 16. dxc5 Qc7 17. f4 Qxc5 18. Qb3 Rac8 19. g4 Bd6 20. Be3 Qc7
21. Bxa7 Nd5 22. Bd4 Nxf4 23. Rhe1 b5 24. Nf3 Nd5 25. Kb1 Bf4 26. Be5 Qc4 27.
Bxf4 Qxf4 28. Rd4 Qf6 29. Red1 Nc3+ 30. bxc3 Qxf3 31. Kb2 e5 32. R1d3 Qc6 33.
Rb4 Rb8 34. Rd5 e4 35. Rxe4 Rb7 36. Rb4 Rfb8 37. g5 hxg5 38. Rxg5 Kh7 39. Rbg4
f6 40. Rg6 Qd6 41. Qb4 Qxb4+ 42. cxb4 Re8 43. h6 f5 44. Rg2 gxh6 45. Rf6 Re5
46. Rh2 Kg7 47. Rfxh6 Rf7 48. Rh7+ Kf6 49. Rxf7+ Kxf7 50. a4 bxa4 51. Ka3 Ke6
52. c4 f4 53. Kxa4 Rf5 54. b5 f3 55. Rf2 Kd6 56. Kb4 Rf4 57. Kc3 Kc5 58. Kd3
Rd4+ 59. Ke3 Rxc4 60. Rxf3 Rc3+ 1/2-1/2

[Event "Elit(Schack 08-Vasteras)"]
[Site "?"]
[Date "2018.11.11"]
[Round "3"]
[White "Pantzar, Milton"]
[Black "Drugge, Patrick"]
[Result "1-0"]
[WhiteElo "2300"]
[BlackElo "2198"]
[PlyCount "55"]
1. d4 d5 2. Nf3 e6 3. c4 c6 4. Nc3 f5 5. Bf4 Nf6 6. e3 Be7 7. Bd3 O-O 8. Qc2
Ne4 9. g4 g5 10. Be5 Nd7 11. h4 Nxe5 12. Nxe5 gxh4 13. O-O-O Bd7 14. Rdg1 Kh8
15. f4 Bf6 16. Nxd7 Qxd7 17. Bxe4 fxe4 18. g5 Bg7 19. Rxh4 c5 20. dxc5 Rad8 21.
Rgh1 h6 22. cxd5 exd5 23. Rxh6+ Bxh6 24. Rxh6+ Kg7 25. Nxe4 dxe4 26. Qc3+ Kg8
27. Rh8+ Kf7 28. Rh7+ 1-0

[Event "Elit(Rockaden,Umea-Limhamn)"]
[Site "?"]
[Date "2018.11.11"]
[Round "3"]
[White "Johansson, David"]
[Black "Helgason, Reynir"]
[Result "1/2-1/2"]
[WhiteElo "2110"]
[BlackElo "2309"]
[PlyCount "140"]
1. e4 e6 2. d4 d5 3. Nc3 Nf6 4. e5 Nfd7 5. Nf3 c5 6. dxc5 Nxc5 7. Bf4 a6 8. Bd3
Nc6 9. Qe2 b5 10. h4 b4 11. Nd1 h6 12. h5 Be7 13. g4 Nxd3+ 14. Qxd3 d4 15. b3
Bb7 16. Nb2 Na7 17. Rh3 Nb5 18. Nc4 Bc5 19. g5 Qd5 20. gxh6 gxh6 21. Na5 Qe4+
22. Qxe4 Bxe4 23. Kd2 O-O-O 24. Ne1 Nc3 25. Nd3 Be7 26. f3 Bf5 27. Rg3 Bh4 28.
Rg7 Nd5 29. Bg3 Bg5+ 30. f4 Bxd3 31. fxg5 Bb5 32. g6 fxg6 33. Rxg6 Rdg8 34. Nc4
Rxg6 35. Nd6+ Kd7 36. hxg6 Rg8 37. Bf2 Rxg6 38. Rg1 Rxg1 39. Bxg1 h5 40. Bxd4
h4 41. Ne4 h3 42. Bg1 Nf4 43. Bh2 Ng6 44. Ke1 Nh4 45. Kf2 Kc6 46. Ng5 Kd5 47.
Nxh3 Kd4 48. Ng5 Bd7 49. Ke2 Kc3 50. Kd1 Kb2 51. Ne4 Nf3 52. Nc5 Bc8 53. Bf4
Kxa2 54. Nd3 a5 55. Kc1 Nd4 56. Be3 Nxb3+ 57. cxb3 Kxb3 58. Nc5+ Kc4 59. Kc2
Kd5 60. Nd3 Ba6 61. Bb6 Bxd3+ 62. Kxd3 a4 63. Ba5 b3 64. Kc3 Kxe5 65. Kb2 Kd4
66. Bc3+ Kd5 67. Ka3 Kc4 68. Bb2 Kd3 69. Kxa4 Kc2 70. Ka3 e5 1/2-1/2

[Event "Elit(Schack 08-Vasteras)"]
[Site "?"]
[Date "2018.11.11"]
[Round "3"]
[White "Nyander, Joakim"]
[Black "Norberg, Johan"]
[Result "0-1"]
[WhiteElo "2229"]
[BlackElo "2306"]
[PlyCount "76"]
1. c4 e5 2. g3 Nc6 3. Nc3 g6 4. Bg2 Bg7 5. e4 Nge7 6. Nge2 O-O 7. d3 d6 8. O-O
Nd4 9. Nxd4 exd4 10. Ne2 c5 11. Rb1 a5 12. a3 a4 13. b4 axb3 14. Qxb3 Qa5 15.
h3 Nc6 16. Qc2 Qa6 17. g4 Bd7 18. f4 Rfb8 19. f5 b5 20. cxb5 Rxb5 21. Rxb5 Qxb5
22. f6 Bf8 23. Nf4 Ne5 24. g5 Rb8 25. Rf2 Qb1 26. Qd1 Rb3 27. Bf1 Rc3 28. Rb2
Qxc1 29. Qxc1 Rxc1 30. Nd5 Bc6 31. Ne7+ Bxe7 32. fxe7 f6 33. Rb8+ Kf7 34. gxf6
Be8 35. Rd8 Nd7 36. Kf2 Nxf6 37. Rxd6 Kxe7 38. Rb6 Ra1 0-1

[Event "Elit(Farsta-LASK)"]
[Site "?"]
[Date "2018.11.11"]
[Round "3"]
[White "Hjelm, Niclas"]
[Black "Jogstad, Martin"]
[Result "1-0"]
[WhiteElo "2334"]
[BlackElo "2305"]
[PlyCount "151"]
1. d4 d5 2. c4 c6 3. cxd5 cxd5 4. Bf4 Nc6 5. e3 Nf6 6. Nc3 Bf5 7. Qb3 Na5 8.
Qa4+ Bd7 9. Bb5 Nc4 10. Nf3 e6 11. Ne5 Nxe5 12. Bxe5 a6 13. Bxd7+ Nxd7 14. Bg3
b5 15. Qd1 Bb4 16. a4 O-O 17. axb5 axb5 18. O-O Rxa1 19. Qxa1 Qb6 20. Rc1 Rc8
21. Ne2 Qb7 22. Nf4 Bf8 23. Nd3 b4 24. b3 Rxc1+ 25. Qxc1 Qa6 26. Qd1 Qb5 27. h3
h6 28. Qc2 Nf6 29. f3 Nd7 30. Kf2 Nb8 31. Bxb8 Qxb8 32. Qc6 Qa7 33. Qc2 Bd6 34.
Nc5 Qc7 35. f4 Bxf4 36. exf4 Qxf4+ 37. Ke2 Qxd4 38. Nd3 Qe4+ 39. Kf1 e5 40. Qe2
Qf5+ 41. Qf3 Qe6 42. Nxb4 e4 43. Qc3 e3 44. Ke2 Qg6 45. Qc8+ Kh7 46. Qc2 f5 47.
g4 Qd6 48. Qxf5+ Kh8 49. Nxd5 Qh2+ 50. Kxe3 Qxh3+ 51. Qf3 Qh4 52. Nf4 Qe1+ 53.
Ne2 Qa1 54. Qf8+ Kh7 55. Qf5+ Kh8 56. Qc5 Qb2 57. b4 Qb3+ 58. Kf2 Qh3 59. Qf8+
Kh7 60. Qf3 Qh2+ 61. Kf1 Qd6 62. Qf5+ Kg8 63. b5 Qb4 64. Qe6+ Kh8 65. b6 Qb1+
66. Kf2 Qh1 67. Qc8+ Kh7 68. Qf5+ Kh8 69. Qf3 Qh2+ 70. Kf1 Qd6 71. b7 Qb4 72.
Qc6 Qb1+ 73. Kf2 Kh7 74. Qc7 Qb2 75. b8=Q Qb1 76. Qxb1+ 1-0

[Event "Elit(Schack 08-Vasteras)"]
[Site "?"]
[Date "2018.11.11"]
[Round "3"]
[White "Bjorkeroth, Johan"]
[Black "Bergstrom, Peter"]
[Result "0-1"]
[WhiteElo "2104"]
[BlackElo "2297"]
[PlyCount "96"]
1. e4 c6 2. d4 d5 3. e5 Bf5 4. Nc3 e6 5. g4 Bg6 6. Nge2 c5 7. h4 h5 8. Nf4 Bh7
9. Nxh5 Nc6 10. dxc5 Bxc5 11. Bb5 Kf8 12. Bxc6 bxc6 13. Na4 Be7 14. c3 Rb8 15.
Be3 Qc7 16. Nc5 Rxb2 17. Qf3 Qc8 18. Nf4 Ke8 19. Nh5 Bf8 20. O-O Rb5 21. c4
dxc4 22. Rfd1 Bg6 23. Ne4 Bxe4 24. Qxe4 g6 25. Bg5 Be7 26. Bxe7 Nxe7 27. Nf6+
Kf8 28. h5 gxh5 29. Nxh5 Nd5 30. Rac1 c3 31. a3 Qc7 32. Qd4 Qb6 33. Qd3 Rb2 34.
Rc2 Rxc2 35. Qxc2 Rg8 36. Qe4 Qb3 37. Qd4 c2 38. Qc5+ Ke8 39. Nf6+ Nxf6 40.
Qxc6+ Kf8 41. Qc5+ Kg7 42. exf6+ Kxf6 43. Rd7 Rxg4+ 44. Kh2 Qf3 45. Rxf7+ Kxf7
46. Qh5+ Kg7 47. Qe5+ Qf6 48. Qc7+ Kh6 0-1

[Event "Elit(Wasa-Eksjo)"]
[Site "?"]
[Date "2018.11.11"]
[Round "3"]
[White "Heberla, Bartlomiej"]
[Black "Shirov, Alexei"]
[Result "1/2-1/2"]
[WhiteElo "2537"]
[BlackElo "2636"]
[PlyCount "65"]
1. e4 e5 2. Nf3 Nc6 3. Bb5 a6 4. Ba4 Nf6 5. O-O b5 6. Bb3 Bc5 7. a4 Rb8 8. axb5
axb5 9. Nxe5 Nxe5 10. d4 Bxd4 11. Qxd4 d6 12. f4 Nc6 13. Qc3 Ne7 14. e5 Ne4 15.
Qe1 Nc5 16. Ba2 Bf5 17. Nc3 b4 18. Nd5 b3 19. Nxe7 Qxe7 20. exd6 Qxe1 21. Rxe1+
Kd7 22. Bxb3 Nxb3 23. cxb3 Kxd6 24. Re5 Bd3 25. Raa5 Rxb3 26. Rad5+ Kc6 27.
Rc5+ Kd7 28. Re3 Rd8 29. Bd2 Kc8 30. Re7 Rd7 31. Rxd7 Kxd7 32. Bc3 Rb5 33. Rxb5
1/2-1/2

[Event "Elit(Stockholms SS-Rockaden,Sthlm)"]
[Site "?"]
[Date "2018.11.11"]
[Round "3"]
[White "Blomqvist, Erik"]
[Black "Westerberg, Jonathan"]
[Result "1/2-1/2"]
[WhiteElo "2499"]
[BlackElo "2504"]
[PlyCount "58"]
1. e4 e5 2. Nf3 Nf6 3. Nxe5 d6 4. Nd3 Nxe4 5. Qe2 Qe7 6. Nf4 Nf6 7. d4 Qxe2+ 8.
Bxe2 Bf5 9. c3 d5 10. f3 h5 11. Bd3 Bxd3 12. Nxd3 Bd6 13. Kf2 Nbd7 14. Re1+ Kf8
15. h4 Re8 16. Rxe8+ Nxe8 17. Be3 c6 18. Nd2 f6 19. c4 Nc7 20. Bf4 Bxf4 21.
Nxf4 Kf7 22. cxd5 Nxd5 23. Nxd5 cxd5 24. Rc1 Ke6 25. Nf1 Kd6 26. Ng3 g6 27. Ne2
Nb8 28. Ke3 Nc6 29. a3 Ne7 1/2-1/2

[Event "Elit(Wasa-Eksjo)"]
[Site "?"]
[Date "2018.11.11"]
[Round "3"]
[White "Amin, Bassem"]
[Black "Schussler, Harry"]
[Result "1-0"]
[WhiteElo "2686"]
[BlackElo "2416"]
[PlyCount "53"]
[EventDate "2018.??.??"]
1. Nf3 Nf6 2. g3 b6 3. Bg2 Bb7 4. O-O g6 5. d3 Bg7 6. e4 O-O 7. e5 Ne8 8. d4 c5
9. d5 d6 10. Re1 Nd7 11. Bf4 dxe5 12. Nxe5 Nxe5 13. Bxe5 Bxe5 14. Rxe5 e6 15.
Nc3 exd5 16. Nxd5 Bxd5 17. Rxd5 Qf6 18. c3 Rb8 19. Qa4 a5 20. Rad1 Qe6 21. Qf4
Ng7 22. Bf1 Nh5 23. Qh4 Kg7 24. Rd6 Qf5 25. R1d5 Qf3 26. Re5 f5 27. Be2 1-0

[Event "Elit(Stockholms SS-Rockaden,Sthlm)"]
[Site "?"]
[Date "2018.11.11"]
[Round "3"]
[White "Lokander, Martin"]
[Black "Barkhagen, Jonas"]
[Result "1-0"]
[WhiteElo "2384"]
[BlackElo "2436"]
[PlyCount "90"]
1. c4 e5 2. Nc3 Nf6 3. Nf3 Nc6 4. e3 g6 5. d4 d6 6. Be2 Bg7 7. h3 O-O 8. O-O
Bf5 9. d5 Nb8 10. g4 Bc8 11. e4 h5 12. Ng5 Nh7 13. h4 Bf6 14. Nxh7 Kxh7 15. Kg2
Bxh4 16. Rh1 Qf6 17. Be3 Bg5 18. gxh5 Bxe3 19. fxe3 Kg7 20. Qe1 Qg5+ 21. Qg3
Qxg3+ 22. Kxg3 Na6 23. a3 Bd7 24. b4 Rh8 25. hxg6 fxg6 26. Nb5 Kf6 27. Bg4 Ke7
28. Bxd7 Kxd7 29. Raf1 Ke7 30. Rxh8 Rxh8 31. Nxa7 Nb8 32. Nb5 Nd7 33. Nxc7 Nf6
34. Ne6 Nxe4+ 35. Kg4 Ra8 36. Ra1 Nd2 37. Kg5 Ne4+ 38. Kxg6 Rg8+ 39. Ng7 Rf8
40. Nf5+ Kd7 41. Rf1 Nd2 42. Rh1 Nxc4 43. Rh7+ Kc8 44. a4 Rg8+ 45. Kf6 e4 1-0

[Event "Elit(Wasa-Eksjo)"]
[Site "?"]
[Date "2018.11.11"]
[Round "3"]
[White "Gdanski, Jacek"]
[Black "Cramling, Pia"]
[Result "1/2-1/2"]
[WhiteElo "2460"]
[BlackElo "2465"]
[PlyCount "91"]
[EventDate "2018.??.??"]
1. e4 c5 2. Nf3 e6 3. d4 cxd4 4. Nxd4 Nc6 5. Nc3 Qc7 6. Nb3 a6 7. f4 d6 8. a4
b6 9. Bd3 Nf6 10. O-O Be7 11. Kh1 Bb7 12. Be3 O-O 13. Qf3 Nb4 14. Qh3 Nxd3 15.
cxd3 b5 16. a5 e5 17. Bb6 Qc8 18. Qe3 Qe6 19. Nd2 Rac8 20. d4 exd4 21. Bxd4 b4
22. f5 Qd7 23. Na4 Qb5 24. Nb6 Rc2 25. Rfc1 b3 26. Rxc2 bxc2 27. h3 Re8 28. Rc1
Bd8 29. Rxc2 Nxe4 30. Nxe4 Bxe4 31. Qg3 f6 32. Rc8 Qxf5 33. Kh2 h5 34. Qxd6 Kh7
35. Qg3 Qf1 36. Rc5 Bg6 37. Nd7 Be7 38. Rc7 Be4 39. Bc5 Bxc5 40. Rxc5 Bg6 41.
Rc3 Qf5 42. Qd6 Rd8 43. Nf8+ Rxf8 44. Qxf8 Qe5+ 45. Kg1 Qe1+ 46. Kh2 1/2-1/2

[Event "Elit(Stockholms SS-Rockaden,Sthlm)"]
[Site "?"]
[Date "2018.11.11"]
[Round "3"]
[White "Neiksans, Arturs"]
[Black "Hauge, Lars Oskar"]
[Result "1-0"]
[WhiteElo "2566"]
[BlackElo "2449"]
[PlyCount "53"]
1. e4 e6 2. d4 d5 3. Nd2 Nf6 4. e5 Nfd7 5. Bd3 c5 6. c3 Nc6 7. Ne2 cxd4 8. cxd4
f6 9. exf6 Nxf6 10. O-O Bd6 11. Nf3 Qc7 12. Ng3 O-O 13. Bd2 Bd7 14. Rc1 Rae8
15. a3 Qb6 16. Bc3 e5 17. dxe5 Nxe5 18. Be2 Bb5 19. Bxb5 Qxb5 20. Nxe5 Bxe5 21.
Bxe5 Rxe5 22. Qd4 Re7 23. Nf5 Re2 24. Rc7 Qxb2 25. Rxg7+ Kh8 26. Qxa7 Qe5 27.
Re7 1-0

[Event "Elit(Limhamn-Wasa)"]
[Site "?"]
[Date "2018.11.10"]
[Round "2"]
[White "Lindgren, Philip"]
[Black "Sagit, Rauan"]
[Result "0-1"]
[WhiteElo "2379"]
[BlackElo "2434"]
[PlyCount "108"]
1. d4 Nf6 2. Nf3 g6 3. c4 Bg7 4. Nc3 O-O 5. e4 c5 6. Be2 cxd4 7. Nxd4 Nc6 8.
Be3 d6 9. Nc2 Bd7 10. O-O Rc8 11. f3 Ne5 12. b3 a6 13. Qd2 b5 14. cxb5 Qc7 15.
Bd4 axb5 16. Nb4 Qa5 17. Ncd5 Nxd5 18. exd5 Rc2 19. Qxc2 Nxf3+ 20. Bxf3 Bxd4+
21. Kh1 Bxa1 22. Nc6 Qc3 23. Nxe7+ Kg7 24. Qd1 Bb2 25. a4 Re8 26. Nc6 Bf5 27.
Bg4 Bd3 28. Rg1 bxa4 29. bxa4 Bc2 30. Qf1 Re4 31. Bd1 Bxa4 32. Bxa4 Rxa4 33.
Qe2 Ra1 34. Rxa1 Bxa1 35. g3 Qb3 36. Qe4 Bf6 37. Kg2 Qa2+ 38. Kg1 h5 39. h4
Qa1+ 40. Kg2 Qb2+ 41. Kg1 Qc3 42. Kg2 Be5 43. Qf3 Qd2+ 44. Kh3 Bf6 45. Qe4 Qf2
46. Qg2 Qf5+ 47. Kh2 Qg4 48. Qf2 Qe4 49. Qg2 Qd3 50. Kh3 Be5 51. Kh2 f5 52. Nd8
Kf6 53. Ne6 Qc4 54. Kh1 Qg4 0-1

[Event "Elit(Schack 08-Rockaden,Umea)"]
[Site "?"]
[Date "2018.11.10"]
[Round "2"]
[White "Renman, Nils-Gustaf"]
[Black "Larsson, Johan"]
[Result "1/2-1/2"]
[WhiteElo "2349"]
[BlackElo "2205"]
[PlyCount "58"]
1. d4 d5 2. Nf3 e6 3. c4 c5 4. cxd5 exd5 5. g3 Nc6 6. Bg2 Nf6 7. O-O Be7 8. Nc3
O-O 9. Bg5 c4 10. Ne5 Be6 11. b3 h6 12. Bxf6 Bxf6 13. Nxc6 bxc6 14. Na4 cxb3
15. axb3 Be7 16. Qd3 Qd7 17. Rfc1 Rab8 18. Nc5 Bxc5 19. Rxc5 Rb6 20. Rca5 Bf5
21. Qc3 Rfb8 22. R1a3 Qb7 23. Rxa7 Qxa7 24. Rxa7 Rxb3 25. Qc1 Rb1 26. Ra1 Rxc1+
27. Rxc1 Rb4 28. e3 Kf8 29. Bf1 Rb1 1/2-1/2